Noms de capacités contenus dans des noms de Pokémon - Statistiques

Statistiques générales
  • Ce quiz a été pris 43 fois
  • Le résultat moyen est 11 sur 15
Statistiques - réponses
Indice
Pokémon...
Capacité % Correct
Crust... Abri
98%
...kwak Psyko
98%
...depic Rapace
93%
Scor... Vol
93%
Mouf... Flair
90%
Pola... Griffe
88%
...notte Coupe
80%
Fongus... Furie
80%
...tout Avale
73%
...açon Grêle
68%
As... Picots
63%
...odon Tranche
48%
...illon Charme
33%
...oi Blizzard
30%
Gr... Avalanche
20%
Aucun quiz correspondant
Distribution des résultats
% des personnes avec chaque résultat
Percentile par nombre de réponses
Votre historique - résultats
Vous n’avez pas pris ce quiz